000
00303nam a22001337a 4500
008
170414b xxu||||| |||| 00| 0 eng d
020
_a
9780683010596
041
_a
eng
080
_2
3 ED
_a
618
100
_a
10
101
_a
SHM
245
_a
DRUGS PREGNANCY LACTATION
_c
BRIGGS.G.G
942
_2
udc
_c
BK
999
_c
10812
_d
10812